| 000 | 00725nam a2200241 a 4500 | ||
|---|---|---|---|
| 005 | 20210219153254.0 | ||
| 008 | 991125n 000 0 u | ||
| 035 | _aUPN01000087790 | ||
| 100 | _aStensvold, Mark S. | ||
| 222 | _aSCHOOL SCIENCE AND MATHEMATICS | ||
| 245 | _aA method of designing practical examinations to match what is taught in laboratory activities | ||
| 300 | _a250-252 | ||
| 362 | _a93, No. 5, 1993 | ||
| 505 | _aSeptiembre 1993 | ||
| 653 | 0 | _aACTIVIDADES CIENTIFICAS | |
| 653 | 0 | _aINSTRUCCION CIENTIFICA | |
| 653 | 0 | _aMETODOS DE ENSE\197ANZA | |
| 653 | 0 | _aMETODOS DE EVALUACION | |
| 653 | 0 | _aPRUEBAS CIENTIFICAS | |
| 700 | _aWilson, John T. | ||
| 904 |
_aAC _b025601 |
||
| 905 | _aArticulo | ||
| 999 |
_c72713 _d72713 |
||